|
|
|
|
| LEADER |
00913pam a22002418a 4500 |
| 001 |
00044752 |
| 005 |
20191009171004.0 |
| 008 |
110723s1977 ||||||viesd |
| 020 |
# |
# |
|c 62000
|a 9786045730485
|
| 041 |
0 |
# |
|a vie
|
| 082 |
1 |
4 |
|a 193
|b TR308H
|
| 100 |
1 |
# |
|a Ngô, Thị Mỹ Dung
|
| 245 |
0 |
0 |
|a Triết học đạo đức của Immanuel Kant và ảnh hưởng đối với triết học Đức thế kỷ XIX
|c Ngô Thị Mỹ Dung
|
| 260 |
# |
# |
|a Hà Nội
|b Chính trị quốc gia
|c 2018
|
| 300 |
# |
# |
|a 186 tr.
|c 21 cm.
|
| 600 |
1 |
4 |
|a Kant, Immanuel
|
| 653 |
# |
# |
|a Triết học Kant
|
| 653 |
# |
# |
|a Triết học phương Tây
|
| 653 |
# |
# |
|a Triết học Đức
|
| 653 |
# |
# |
|a Đạo đức
|
| 852 |
# |
# |
|j KD.0026226
|j KM.0031565
|j KM.0031567
|j KM.0031566
|
| 910 |
0 |
# |
|a Ntuyet
|d 09/10/2019
|
| 980 |
# |
# |
|a Trung tâm Học liệu Lê Vũ Hùng, Trường Đại học Đồng Tháp
|